000
00301nam a22001337a 4500
008
190227b xxu||||| |||| 00| 0 eng d
020
_a
9780534593971
041
_a
eng
080
_a
371
100
_a
25
101
_a
EDU
245
_a
The essential College Experience
_c
Jewler, G
942
_2
udc
_c
BK
999
_c
54384
_d
54384